000
00436nam a2200169Ia 4500
008
090711s9999 xx 000 0 und d
082
_b
72167
100
_a
मंगेशकर गीता
245
_a
अजेय
260
_c
1993
300
_a
357+1
600
_a
मंगेशकर गीता
630
_a
अजेय
700
_a
मंगेशकर गीता
730
_a
अजेय
942
_c
BOOK
999
_c
304273
_d
304273